00486nam a2200157 a 450000100100000000500170001000800410002704000130006808200150008110000250009624500700012125000130019126000360020430000340024050400540027400001692020200929165001.0100312s1977 dr ab 000 0 spa d aDO-SdBNP axxxbG643m1 aGonzález, Carlisle10aModerno manual de la educación cívica /cCarlisle González. a4ta. ed. aSanto Domingo :bEscobo,c1977. a199 p. :bil., map. ;c22 cm. aIncluye referencias bibliográficas (p. 190-193)